000 00461cam a22001934a 4500
005 20250605164157.0
008 250528s ||||||||||||||||||||||||d
035 _a19653
020 _a9604056395
040 _aGR-AtMCL
_bgre
_dGR-AtMCL
_eAACR2
245 1 _aADOBE ILLUSTRATOR 5.5
250 _a1
260 _bΊων,
_c1996
300 _a259
700 1 _aΠαναγιωτιδης Π.Μ
_95860
942 _cBK
999 _c4909
_d4909